000 00585nam a22002177a 4500
003 UA-OsUOA
001 73110
007 ta
008 20110210b un ||||| |||| 00| 0 ukr d
100 _aТкаченко І.
090 _a32
_bТ48
942 _cSA
040 _aUA-OsUOA
_bukr
_cUA-OsUOA
_dUA-OsUOA
245 _aЄвропейська перспектива: тернистий шлях України до Європи
300 _aС.19-21
955 _a0
041 _aukr
080 _a32
773 0 _w73107
_tВіче
_dК.
_d2011
_g2
650 7 _a32 Політика
_2UDC
999 _c359397
_d359397